000 00792nam a2200205Ia 4500
003 GCL
008 140319s9999 xx 000 0 ara d
040 _aGCL /
_cGCL
082 0 4 _a330.122
_bد س
100 1 _aدى سوتو، هرناندو
245 1 0 _aسر رأس المال :
_bلماذا تنتصر الراسمالية فى الغرب وتفشل فى كل مكان آخر /
_cدى سوتو، هرناندو
260 _aالقاهرة :
_bمركز الاهرام للترجمة والنشر ،
_c2002
300 _a275 ص ؛
_c24 سم
650 0 4 _aالاشتراكية
650 0 4 _aالاحتكار
650 0 4 _aراس المال
650 0 4 _aالراسمالية
650 0 4 _aالولايات المتحدة الامريكية - الراسمالية
942 _2ddc
_cBK
999 _c56946
_d56946